Grey Things By Picture - Statistics

General Stats
  • This quiz has been taken 58 times
  • The average score is 7 of 8
Answer Stats
Picture Answer % Correct
Elephant
100%
Koala
98%
Money
98%
Moon
98%
Duct tape
94%
Laptop
92%
Cutlery
67%
Smoke
38%
No matching quizzes found
Score Distribution
Percent of People with Each Score
Percentile by Number Answered
Your Score History
You have not taken this quiz